| 000 | 00768nam a2200253 i 4500 | ||
|---|---|---|---|
| 001 | 149836 | ||
| 003 | ES-MaACL | ||
| 005 | 20230906203259.0 | ||
| 007 | t| | ||
| 008 | 071024q19461944sp ||||1| spa d | ||
| 080 | _a84-311.2"19"=6 | ||
| 100 | 1 |
_aVan der Meersch, Maxence. _9113032 |
|
| 245 | 1 | 0 |
_aCuerpos y almas / _cMaxence Van der Meersch ; [traducción del francés por Cristóbal Rivero]. |
| 260 |
_a[Barcelona] : _bLauro, _c[1946] |
||
| 300 |
_a443 p., 1h. ; _c20 cm. |
||
| 490 | 1 | _aLeda | |
| 594 | _aTrad. tomado del verso de port. | ||
| 595 | _aEn port.: 1944. | ||
| 595 | _aEn verso de port.: 2ª ed., abril 1946. | ||
| 700 | 1 |
_aRivero, Cristóbal. _9154931 |
|
| 830 | 0 |
_aLeda _9186652 |
|
| 852 |
_aES-MaACL _jE-2215 |
||
| 999 |
_c149836 _d149836 |
||